000
00218nam a22000857a 4500
008
161116b xxu||||| |||| 00| 0 eng d
100
_9
1240
_a
BPI INDIA
245
_a
Force of destruction
260
_a
New Delhi
_b
BPI India
_c
2011
999
_c
3945
_d
3945